[Event "Madurai Athens of the East op-C 4th"]
[Site "Madurai"]
[Date "2024.12.29"]
[Round "5"]
[White "Kathir Kaman, T."]
[Black "Tushar, Banerjee"]
[Result "1-0"]
[WhiteElo "1789"]
[BlackElo "1683"]
[PlyCount "51"]
[EventDate "2024.12.28"]
[EventType "swiss"]
[EventRounds "9"]
[EventCountry "IND"]
[SourceTitle "CB02_2025"]
[SourceDate "2025.01.08"]
[SourceVersion "1"]
[SourceVersionDate "2025.01.08"]
[SourceQuality "1"]

1. e4 e5 2. Nf3 Nc6 3. Bc4 Nf6 4. Ng5 d5 5. exd5 Na5 6. Bb5+ c6 7. dxc6 bxc6 8. Qf3 Be7 9. Bd3 0-0 10. Nc3 h6 11. Nge4 Nd5 12. Ng3 Nf4 13. Bf5 Be6 14. d3 Nd5 15. 0-0 Nb4 16. Qg4 Nxc2 17. Bxh6 Bf6 18. Bxg7 Bg5 19. Bxf8 Kxf8 20. Bxe6 Nxa1 21. Nce4 fxe6 22. Nxg5 Qxd3 23. Rd1 Qg6 24. Nxe6+ Kf7 25. Rd7+ Kf6 26. Nh5+ 1-0